[Event "Ceske Budejovice op-A"]
[Site "Ceske Budejovice"]
[Date "2022.07.09"]
[Round "9"]
[White "Krejci, Vera Marie"]
[Black "Rybacek, Martin"]
[Result "1/2-1/2"]
[WhiteElo "1554"]
[BlackElo "1650"]
[PlyCount "41"]
[EventDate "2022.07.01"]
[EventType "swiss"]
[EventRounds "9"]
[EventCountry "CZE"]
[SourceTitle "CBM 209 Extra"]
[Source "ChessBase"]
[SourceDate "2022.09.30"]
[SourceVersion "1"]
[SourceVersionDate "2022.09.30"]
[SourceQuality "1"]

1. e4 c6 2. Nf3 d5 3. Nc3 Bg4 4. Be2 e6 5. 0-0 Bd6 6. d3 Nd7 7. Bd2 Ngf6 8. h3 Bxf3 9. Bxf3 0-0 10. Re1 Ne5 11. Be3 Nxf3+ 12. Qxf3 Bc7 13. Bc5 Re8 14. Rad1 b6 15. Ba3 d4 16. Ne2 e5 17. Bb4 Bd6 18. Bd2 Nd7 19. Qg4 Nf6 20. Qf3 Nd7 21. Qg4 1/2-1/2

[Event "Brno op 10th"]
[Site "Brno"]
[Date "2021.11.20"]
[Round "1"]
[White "Krejci, Vera Marie"]
[Black "Tajovsky, Matej"]
[Result "0-1"]
[WhiteElo "1491"]
[BlackElo "2113"]
[PlyCount "120"]
[EventDate "2021.11.20"]
[EventType "swiss"]
[EventRounds "9"]
[EventCountry "CZE"]
[SourceTitle "CBM 205 Extra"]
[Source "ChessBase"]
[SourceDate "2022.01.31"]
[SourceVersion "1"]
[SourceVersionDate "2022.01.31"]
[SourceQuality "1"]

1. e4 c5 2. Nf3 e6 3. d4 cxd4 4. Nxd4 a6 5. Nc3 Qc7 6. g3 Nf6 7. Bg2 Be7 8. 0-0 0-0 9. Be3 d6 10. Nb3 Nc6 11. Qe2 b5 12. a3 Bb7 13. Rad1 Rac8 14. Nd2 Rfd8 15. Rfe1 Nd7 16. Na2 Nb6 17. c3 Bf6 18. Bxb6 Qxb6 19. Nf3 a5 20. Rd3 b4 21. Qd2 bxa3 22. b4 Be7 23. Qe3 Qxe3 24. Rexe3 Ba6 25. Rd2 Rb8 26. bxa5 Rb1+ 27. Re1 Rdb8 28. Nb4 Rxe1+ 29. Nxe1 Nxb4 30. cxb4 Rxb4 31. Bf1 Bxf1 32. Kxf1 Rxe4 33. Ra2 Ra4 34. Nc2 d5 35. Ke2 Kf8 36. Kd3 Ke8 37. Nd4 Rxa5 38. f3 Kd7 39. g4 g6 40. h3 e5 41. Ne2 Kc6 42. Nc1 Kb5 43. Re2 f6 44. Na2 Ka4 45. Rc2 Rc5 46. Re2 d4 47. Rc2 Rxc2 48. Kxc2 d3+ 49. Kxd3 Kb3 50. Nc1+ Kb2 51. Kd2 f5 52. Nd3+ Kb1 53. Nxe5 a2 54. gxf5 gxf5 55. Nc6 a1Q 56. Nxe7 Qd4+ 57. Ke1 Qe5+ 58. Kf2 Qxe7 59. Kg2 f4 60. Kh1 Qe2 0-1

[Event "EU Union-ch U14"]
[Site "Kouty nad Desnou"]
[Date "2021.08.15"]
[Round "2.8"]
[White "Havelkova, Beata"]
[Black "Krejci, Vera Marie"]
[Result "1-0"]
[WhiteElo "1609"]
[BlackElo "1400"]
[PlyCount "75"]
[EventDate "2021.08.14"]
[EventType "swiss"]
[EventRounds "9"]
[EventCountry "CZE"]
[SourceTitle "EXT 2022"]
[Source "ChessBase"]
[SourceDate "2021.10.06"]
[SourceVersion "1"]
[SourceVersionDate "2021.10.06"]
[SourceQuality "1"]

1. e4 e6 2. d4 d5 3. Nd2 c5 4. Ngf3 cxd4 5. exd5 Qxd5 6. Bc4 Qd6 7. 0-0 Nc6 8. Nb3 Be7 9. Nbxd4 Nxd4 10. Qxd4 Qxd4 11. Nxd4 Nf6 12. Bf4 0-0 13. Nb5 Bd7 14. Nd6 Bc6 15. Rfd1 Rfd8 16. Nb5 a6 17. Nd4 Rac8 18. Nxc6 Rxd1+ 19. Rxd1 Rxc6 20. Bb3 Kf8 21. f3 Bc5+ 22. Kf1 Ke7 23. Ke2 Bd6 24. Bxd6+ Rxd6 25. Rxd6 Kxd6 26. Kd3 Kc5 27. c4 Nd7 28. Bc2 h6 29. Kc3 g5 30. b4+ Kd6 31. c5+ Ke5 32. Be4 Nb8 33. Bxb7 Kf4 34. c6 Ke3 35. c7 Kf2 36. cxb8Q Kxg2 37. Qg3+ Kh1 38. f4# 1-0

[Event "Ceske Budejovice op"]
[Site "Ceske Budejovice"]
[Date "2021.07.01"]
[Round "1"]
[White "Placer, Sebastian"]
[Black "Krejci, Vera Marie"]
[Result "1-0"]
[WhiteElo "2017"]
[BlackElo "1470"]
[PlyCount "115"]
[EventDate "2021.07.01"]
[EventType "swiss"]
[EventRounds "9"]
[EventCountry "CZE"]
[SourceTitle "CBM 203 Extra"]
[Source "ChessBase"]
[SourceDate "2021.09.30"]
[SourceVersion "1"]
[SourceVersionDate "2021.09.30"]
[SourceQuality "1"]

1. e4 e6 2. d4 d5 3. Nd2 dxe4 4. Nxe4 Bd7 5. Nf3 Bc6 6. Bd3 Nd7 7. 0-0 Ngf6 8. Ng3 Bxf3 9. Qxf3 c6 10. Re1 Be7 11. c3 0-0 12. Bd2 Re8 13. Re2 Qb6 14. Be3 c5 15. dxc5 Bxc5 16. Ne4 Bxe3 17. Qxe3 Qxe3 18. Rxe3 Nd5 19. Ree1 Ne5 20. Bb5 Re7 21. Rad1 a6 22. Bf1 Ng6 23. g3 Rc8 24. Bg2 b5 25. h4 Nb6 26. Rd6 Nc4 27. Rxa6 Nxb2 28. Rb1 Nc4 29. Rxb5 h6 30. Rc5 Rec7 31. Ra8 Rxa8 32. Rxc7 Nb2 33. Nf6+ gxf6 34. Bxa8 Ne5 35. Rb7 Nbd3 36. Rb8+ Kg7 37. a4 Ng4 38. f3 Ne3 39. a5 Nc5 40. Bb7 Nc4 41. a6 Na4 42. a7 Ncb6 43. a8Q Nxa8 44. Rxa8 Nxc3 45. Bc6 f5 46. Kf2 e5 47. Ke1 e4 48. Kd2 exf3 49. Kxc3 f2 50. Bg2 f6 51. Kd4 Kg6 52. Ke3 Kh5 53. Bf3+ Kg6 54. Kxf2 Kf7 55. Bd5+ Kg6 56. Ra7 Kh5 57. Rg7 f4 58. Bf3# 1-0

[Event "Arber op 6th"]
[Site "Bodenmais"]
[Date "2017.08.05"]
[Round "8"]
[White "Hoffmann, Steffen"]
[Black "Krejci, Vera Marie"]
[Result "1/2-1/2"]
[WhiteElo "1465"]
[BlackElo "1436"]
[PlyCount "36"]
[EventDate "2017.07.29"]
[EventType "swiss"]
[EventRounds "9"]
[EventCountry "GER"]
[SourceTitle "EXT 2018"]
[Source "ChessBase"]
[SourceDate "2017.10.13"]
[SourceVersion "1"]
[SourceVersionDate "2017.10.13"]
[SourceQuality "1"]

1. d4 d5 2. Nf3 e6 3. b3 c5 4. e3 Nf6 5. Ba3 b6 6. Bd3 Ba6 7. 0-0 Bd6 8. dxc5 bxc5 9. Bb2 0-0 10. Qe2 Bxd3 11. Qxd3 Nbd7 12. Nbd2 Qc7 13. g3 Ne5 14. Nxe5 Bxe5 15. Bxe5 Qxe5 16. f4 Qd6 17. c4 Rad8 18. Rad1 Rd7 1/2-1/2

[Event "Arber op 6th"]
[Site "Bodenmais"]
[Date "2017.08.03"]
[Round "6"]
[White "Sakalli, Can"]
[Black "Krejci, Vera Marie"]
[Result "1/2-1/2"]
[WhiteElo "1151"]
[BlackElo "1436"]
[PlyCount "116"]
[EventDate "2017.07.29"]
[EventType "swiss"]
[EventRounds "9"]
[EventCountry "GER"]
[SourceTitle "CBM 179 Extra"]
[Source "ChessBase"]
[SourceDate "2017.08.23"]
[SourceVersion "1"]
[SourceVersionDate "2017.08.23"]
[SourceQuality "1"]

1. e4 e6 2. d3 d5 3. Nc3 Nf6 4. Nf3 dxe4 5. dxe4 Qxd1+ 6. Kxd1 Bb4 7. Bd2 Bxc3 8. Bxc3 Nxe4 9. Bd4 0-0 10. Bd3 Nd6 11. Bc5 Rd8 12. Ke2 b6 13. Bxd6 cxd6 14. b3 Bb7 15. Rad1 Bxf3+ 16. Kxf3 d5 17. c4 Nc6 18. Rhe1 g6 19. cxd5 Rxd5 20. Be4 Rxd1 21. Rxd1 Rc8 22. Bxc6 Rxc6 23. Rd3 Kg7 24. g3 h5 25. h3 Kh6 26. Rd7 Rc3+ 27. Kg2 f5 28. Rxa7 e5 29. Ra4 Kg7 30. g4 hxg4 31. hxg4 Kf6 32. gxf5 gxf5 33. Ra6 Rc6 34. a4 Ke6 35. a5 Kd7 36. Rxb6 Rxb6 37. axb6 Kc6 38. Kh3 Kxb6 39. Kh4 Kc6 40. Kg5 f4 41. Kf5 Kd5 42. b4 f3 43. b5 Kc5 44. Kxe5 Kxb5 45. Kf4 Kc6 46. Kxf3 Kd7 47. Ke4 Ke6 48. f3 Kf6 49. f4 Ke6 50. f5+ Kf6 51. Kf4 Kf7 52. Kg5 Kg7 53. f6+ Kf7 54. Kf5 Kf8 55. Ke6 Ke8 56. Kf5 Kf7 57. Kg5 Kf8 58. Kg6 Kg8 1/2-1/2